<?xml version="1.0" encoding="UTF-8"?>
<record
    xmlns:xsi="http://www.w3.org/2001/XMLSchema-instance"
    xsi:schemaLocation="http://www.loc.gov/MARC21/slim http://www.loc.gov/standards/marcxml/schema/MARC21slim.xsd"
    xmlns="http://www.loc.gov/MARC21/slim">

  <leader>01391    a2200253   4500</leader>
  <controlfield tag="001">53381</controlfield>
  <controlfield tag="005">20260407155808.0</controlfield>
  <controlfield tag="008">260407a1965    arg                 spa d</controlfield>
  <controlfield tag="003">AR-UNSa-BCEJYS</controlfield>
  <datafield tag="040" ind1=" " ind2=" ">
    <subfield code="a">AR-UNSa-BCEJYS</subfield>
    <subfield code="b">spa</subfield>
    <subfield code="c">AR-UNSa-BCEJYS</subfield>
  </datafield>
  <datafield tag="080" ind1=" " ind2=" ">
    <subfield code="a">634.6</subfield>
    <subfield code="x">Frutos tropicales y Subtropicales diversos (Cocoteros)
 </subfield>
  </datafield>
  <datafield tag="245" ind1="1" ind2="0">
    <subfield code="a">Cultivo y mejoramiento de plantas tropicales y subtropicales</subfield>
  </datafield>
  <datafield tag="264" ind1=" " ind2="1">
    <subfield code="a">M&#xE9;xico :</subfield>
    <subfield code="b">Limusa-Wiley</subfield>
    <subfield code="c">1965</subfield>
  </datafield>
  <datafield tag="300" ind1=" " ind2=" ">
    <subfield code="a">2v. (005-828; 837-1536 p.)</subfield>
    <subfield code="c">23 cm.</subfield>
  </datafield>
  <datafield tag="505" ind1=" " ind2=" ">
    <subfield code="a">Vol. I. Parte I.: GENERALIDADES: 1. El clima y la fisiograf&#xED;a &#x2013; 2. Formaci&#xF3;n del suelo &#x2013; 3. Propiedades qu&#xED;micas y f&#xED;sicas del suelo y su materia org&#xE1;nica &#x2013; 4. Fertilidad del suelo &#x2013; 5. Manejo del suelo &#x2013; 6. Pr&#xE1;cticas de cultivo, mejoramiento de las plantas consideraciones econ&#xF3;micas y valor alimenticio de los productos tropicales - - Parte II.: COSECHAS: 7. Los pl&#xE1;tanos y los c&#xED;tricos &#x2013; 8. Otros cultivos frutales.
Vol. II. 9. Especias &#x2013; 10. Bebidas- caf&#xE9; &#x2013; cacao, t&#xE9; &#x2013; 11. Hule y quina &#x2013; 12. Cultivos de oleaginosas &#x2013; 13. Plantas textiles &#x2013; 14. Ca&#xF1;a de az&#xFA;car y otros cultivos.
</subfield>
  </datafield>
  <datafield tag="942" ind1=" " ind2=" ">
    <subfield code="c">BK</subfield>
  </datafield>
  <datafield tag="590" ind1=" " ind2=" ">
    <subfield code="a">niveau_biblio:m niveau_hierar:0</subfield>
  </datafield>
  <datafield tag="100" ind1="1" ind2=" ">
    <subfield code="a">Ochse, J.J.</subfield>
  </datafield>
  <datafield tag="700" ind1="1" ind2=" ">
    <subfield code="a">Souler, M.J.</subfield>
  </datafield>
  <datafield tag="700" ind1="1" ind2=" ">
    <subfield code="a">Blackaller Valdes, Alonso</subfield>
  </datafield>
  <datafield tag="700" ind1="1" ind2=" ">
    <subfield code="a">Dijkman, M.J.</subfield>
  </datafield>
  <datafield tag="700" ind1="1" ind2=" ">
    <subfield code="a">Sanchez Duron, Nicol&#xE1;s</subfield>
  </datafield>
  <datafield tag="700" ind1="1" ind2=" ">
    <subfield code="a">Wehlburg, C.</subfield>
  </datafield>
  <datafield tag="999" ind1=" " ind2=" ">
    <subfield code="c">5233</subfield>
    <subfield code="d">5233</subfield>
  </datafield>
  <datafield tag="952" ind1=" " ind2=" ">
    <subfield code="0">0</subfield>
    <subfield code="1">0</subfield>
    <subfield code="4">0</subfield>
    <subfield code="7">0</subfield>
    <subfield code="a">BCEJYS</subfield>
    <subfield code="b">BCEJYS</subfield>
    <subfield code="c">16</subfield>
    <subfield code="d">2026-04-07</subfield>
    <subfield code="l">0</subfield>
    <subfield code="o">634.6 O16 v.1</subfield>
    <subfield code="p">L25171</subfield>
    <subfield code="r">2026-04-07 15:58:08</subfield>
    <subfield code="w">2026-04-07</subfield>
    <subfield code="y">L</subfield>
  </datafield>
  <datafield tag="952" ind1=" " ind2=" ">
    <subfield code="0">0</subfield>
    <subfield code="1">0</subfield>
    <subfield code="4">0</subfield>
    <subfield code="7">0</subfield>
    <subfield code="a">BCEJYS</subfield>
    <subfield code="b">BCEJYS</subfield>
    <subfield code="c">16</subfield>
    <subfield code="d">2026-04-07</subfield>
    <subfield code="l">0</subfield>
    <subfield code="o">634.6 O16 v.2</subfield>
    <subfield code="p">L25172</subfield>
    <subfield code="r">2026-04-07 15:58:08</subfield>
    <subfield code="w">2026-04-07</subfield>
    <subfield code="y">L</subfield>
  </datafield>
</record>
